Statistics for African Capitals - Map Quiz

Click here to take the quiz!

General Stats

  • This quiz has been taken 4,429 times
    (3,218 since last reset)
  • The average score is 31 of 54

Answers on the Map

Answers color-coded by a green-red scale on the quiz's map according to % correct below.
 

Answer Stats

Answer% Correct
Cairo
95%
Algiers
94%
Tunis
91%
Rabat
86%
Tripoli
86%
São Tomé
74%
Djibouti
72%
Dakar
71%
Addis Ababa
69%
Antananarivo
69%
Bissau
69%
Abuja
68%
Nairobi
68%
Pretoria
68%
Accra
67%
Kinshasa
66%
Windhoek
65%
Brazzaville
63%
Luanda
62%
Mogadishu
62%
Ouagadougou
61%
Freetown
60%
Khartoum
60%
N'Djamena
60%
Monrovia
57%
Harare
55%
Niamey
55%
Praia
55%
Nouakchott
54%
Kampala
53%
Bamako
52%
Juba
52%
Victoria
51%
Yamoussoukro
51%
Conakry
50%
Lome
50%
Yaounde
50%
Dodoma
49%
Maputo
49%
Asmara
48%
Gaborone
48%
Kigali
48%
Lusaka
47%
Port Louis
47%
Porto Novo
47%
Lilongwe
46%
Bangui
45%
Banjul
45%
Libreville
45%
Mbabane
43%
Moroni
40%
Gitega
38%
Maseru
34%
Malabo
33%

Score Distribution

Percentile by Number Answered

Percent of People with Each Score

Your Score History

You have not taken this quiz since the last reset